| 000 | 00474nam a22001937a 4500 | ||
|---|---|---|---|
| 999 |
_c532603 _d532603 |
||
| 003 | NUST | ||
| 005 | 20191126123310.0 | ||
| 008 | 191126b ||||| |||| 00| 0 eng d | ||
| 020 | _a812034278X | ||
| 024 | _a978-8120342781 | ||
| 038 | _aMSOHAIL | ||
| 082 | _a658.4033 | ||
| 100 |
_aR. B. Gupta, M. P. Khanna _926226 |
||
| 245 | _aQuantitative Technologies for Decision Making | ||
| 250 | _a4th | ||
| 260 |
_aIndia _bPHI _cc2011 |
||
| 300 | _ap;758 | ||
| 942 |
_2ddc _cBK |
||